{"text_format":"3","workbook":"xlsx","n_sheets":1,"sheets":["Sheet1"],"read":"whole","date_system":"1900"}

{"sheet":"Sheet1","index":0,"n_rows":398,"n_cols":13,"rows_kept":398,"merged":[[0,0,0,2],[1,0,1,11],[2,0,2,3],[2,8,2,12]]}
["附件："]
["微矿集团2025年8月月度采购成交公示一览表"]
["集团采购供应部",{"$nulls":7},"2025-10-09"]
["序号","时间","申报单位","物质名称","规格型号","品牌/厂家","单位","数量","成交公司","单价","金额","用料单位","备注"]
[1,"2025-08-01","欢城煤矿","手动油泵锚杆剪裁器","SDB2.7/12.7+QLRC400","北京巧力","台",1,"山东瑞合装备科技有限公司",12700,12700,"掘一工区"]
[2,"2025-08-02","欢城煤矿","锚杆紧固器(扭矩扳手)","AC300","北京巧力","台",1,"山东瑞合装备科技有限公司",680,680,"掘二工区","配备套头"]
[3,"2025-08-03","欢城煤矿","钢丝绳","6*19S+FC-21.5",null,"米",1000,"济宁津友机械制造有限公司",35,35000,"采一工区","1000米 含检测"]
[4,"2025-08-04","欢城煤矿","钢丝绳","12.5mm",null,"吨",0.689,"济宁津友机械制造有限公司",10500,7234.5,"掘二工区","含检测 1000米"]
[5,"2025-08-05","欢城煤矿","工业齿轮油","320#","统一","千克",510,"上海顶郝润滑油有限公司",22,11220,"采二工区","170kg/桶"]
[6,"2025-08-06","欢城煤矿","白油","10#",null,"千克",50,"枣庄乾源润滑油有限公司",18,900,"采一工区","工业级白油 LN-10"]
[7,"2025-08-01","欢城煤矿","叠加逆流阀","MBR-02-P-2",null,"个",4,"沧州中亿电气设备有限公司",420,{"$f":"H11*J11","v":1680},"运搬工区","泵站用"]
[8,"2025-08-01","欢城煤矿","高压油表管线","有样品",null,"个",5,"沧州中亿电气设备有限公司",60,300,"运搬工区","泵站用 需要现场核实"]
[9,"2025-08-01","欢城煤矿","高压油表管线",null,null,"个",5,"沧州中亿电气设备有限公司",60,300,"运搬工区","泵站用 需要现场核实"]
[10,"2025-08-01","欢城煤矿","回头轮","P-60",null,"个",4,"枣庄龙达力矿用设备有限公司",270,1080,"采二工区"]
[11,"2025-08-01","欢城煤矿","连轴节","8T","湘潭","套",2,"沧州中亿电气设备有限公司",450,900,"运搬工区","8T电瓶车用"]
[12,"2025-08-01","欢城煤矿","连轴节缓冲垫","8T",null,"个",10,"沧州中亿电气设备有限公司",45,450,"运搬工区","8T电瓶车用"]
[13,"2025-08-01","欢城煤矿","电瓶车显示屏","XIY-1/140","湘潭","个",1,"沧州中亿电气设备有限公司",2450,2450,"运搬工区","5T电瓶车用 带插头线"]
[14,"2025-08-01","欢城煤矿","闸瓦楔子","有样品",null,"个",50,"沧州中亿电气设备有限公司",12,600,"运搬工区","电瓶车用"]
[15,"2025-08-01","欢城煤矿","定位器","KJ1626-K1","南京北路","张",300,"济宁厚成商贸有限公司",487,146100,"调度室"]
[16,"2025-08-01","欢城煤矿","矿用本质安全型通话机","KTH12","常熟新虞","个",3,"泊头佳洲机电设备有限公司",1450,4350,"运搬工区","上下井口、绞车房对讲通信用"]
[17,"2025-08-01","欢城煤矿","交换机","XY-SC-2/4","常熟新虞","个",3,"泊头佳洲机电设备有限公司",10000,30000,"运搬工区","上下井口、绞车房对讲通信用"]
[18,"2025-08-01","欢城煤矿","交换机电源","XY-10-12","常熟新虞","个",3,"泊头佳洲机电设备有限公司",1200,3600,"运搬工区","上下井口、绞车房对讲通信用"]
[19,"2025-08-01","欢城煤矿","电话机电源","XINYU-IBI-127S、12V","常熟新虞","个",3,"泊头佳洲机电设备有限公司",4950,14850,"运搬工区","上下井口、绞车房对讲通信用"]
[20,"2025-08-01","欢城煤矿","防水按钮","BF-22","常熟新虞","个",10,"泊头佳洲机电设备有限公司",98,980,"运搬工区","二挡"]
[21,"2025-08-01","欢城煤矿","防水按钮","BF-22","常熟新虞","个",10,"泊头佳洲机电设备有限公司",100,1000,"运搬工区","三挡"]
[22,"2025-08-01","欢城煤矿","不锈钢安全门",null,null,"套",2,"济宁厚成商贸有限公司",14700,29400,"运搬工区","下井口用（带吊臂）需现场测量        304不锈钢 壁厚3MM   "]
[23,"2025-08-01","欢城煤矿","电缆","MYQ4*1.5",null,"米",300,"济宁金翊机械制造有限公司",11.5,3450,"采一工区"]
[24,"2025-08-01","欢城煤矿","电缆","MYQ4*2.5",null,"米",300,"济宁金翊机械制造有限公司",18.5,5550,"采一工区"]
[25,"2025-08-01","欢城煤矿","电缆","MYQ4*1.5",null,"米",300,"济宁金翊机械制造有限公司",11.5,3450,"掘一工区"]
[26,"2025-08-01","欢城煤矿","电缆","MYQ4*1.5",null,"米",300,"济宁金翊机械制造有限公司",11.5,3450,"掘二工区"]
[27,"2025-08-01","欢城煤矿","电缆","MYP4*6",null,"米",100,"济宁金翊机械制造有限公司",39.5,3950,"掘二工区"]
[28,"2025-08-01","欢城煤矿","通讯电缆","MHYV1*2*7*0.28 1对",null,"米",1000,"济宁金翊机械制造有限公司",3.8,3800,"掘二工区","放炮线"]
[29,"2025-08-01","欢城煤矿","通讯电缆","MHYV1*2*7*0.28 1对",null,"米",600,"济宁金翊机械制造有限公司",3.8,2280,"掘三工区","放炮线"]
[30,"2025-08-01","欢城煤矿","通讯电缆","MHYVR 1*4*7/0.37",null,"米",1000,"济宁金翊机械制造有限公司",6.9,6900,"通防科"]
[31,"2025-08-01","欢城煤矿","密封圈","4*22*22（mm）",null,"个",50,"枣庄市恒强密封制品厂",3,150,"运搬工区"]
[32,"2025-08-01","欢城煤矿","密封圈","4*24*23（mm）",null,"个",50,"枣庄市恒强密封制品厂",3,150,"运搬工区"]
[33,"2025-08-01","欢城煤矿","蓝漆",null,"晨虹","公斤",34,"枣庄鑫来源矿山设备有限公司",8.29,281.86,"掘二工区","17kg/桶"]
[34,"2025-08-01","欢城煤矿","银粉漆",null,"晨虹","千克",34,"枣庄鑫来源矿山设备有限公司",16.76,569.84,"掘二工区","17kg/桶  银色漆"]
[35,"2025-08-01","欢城煤矿","防火泥",null,null,"千克",100,"枣庄鑫来源矿山设备有限公司",2.8,280,"通防工区"]
[36,"2025-08-01","欢城煤矿","直读式粉尘测量仪","CCZ-3000",null,"台",1,"泊头佳洲机电设备有限公司",11400,11400,"通防科"]
[37,"2025-08-01","欢城煤矿","接地电阻测试仪","CHD1200",null,"台",2,"泊头佳洲机电设备有限公司",2800,5600,"机电科"]
[38,"2025-08-01","欢城煤矿","铁链子","5T",null,"挂",4,"山东江宏机械设备有限公司",165,660,"采一工区"]
[39,"2025-08-01","欢城煤矿","喷嘴","M16*1.5",null,"个",100,"山东江宏机械设备有限公司",6,600,"采二工区"]
[40,"2025-08-01","欢城煤矿","尼龙绳",null,null,"千克",50,"山东江宏机械设备有限公司",12,600,"采二工区","12# 绿色"]
[41,"2025-08-01","欢城煤矿","铁丝","14#",null,"千克",200,"山东江宏机械设备有限公司",7,1400,"采二工区"]
[42,"2025-08-01","欢城煤矿","鸡心环",null,null,"个",10,"山东江宏机械设备有限公司",2,20,"掘一工区","M16"]
[43,"2025-08-01","欢城煤矿","风镐钎子","G10",null,"个",20,"山东江宏机械设备有限公司",22,440,"掘一工区"]
[44,"2025-08-01","欢城煤矿","弯头","φ108",null,"个",20,"山东江宏机械设备有限公司",68,1360,"掘一工区","4寸 90°  涂塑管用"]
[45,"2025-08-01","欢城煤矿","弯头","φ108",null,"个",20,"山东江宏机械设备有限公司",68,1360,"掘二工区","4寸  90° 涂塑管用"]
[46,"2025-08-01","欢城煤矿","喷头","φ20",null,"个",20,"山东江宏机械设备有限公司",6,120,"掘二工区","铝喷雾头"]
[47,"2025-08-01","欢城煤矿","镀锌内接丝","φ20",null,"个",20,"山东江宏机械设备有限公司",2.2,44,"掘二工区"]
[48,"2025-08-01","欢城煤矿","镀锌弯头","φ20",null,"个",20,"山东江宏机械设备有限公司",2.5,50,"掘二工区"]
[49,"2025-08-01","欢城煤矿","三通",108,null,"个",20,"山东江宏机械设备有限公司",89,1780,"掘二工区","涂塑管用"]
[50,"2025-08-01","欢城煤矿","铰钳","450mm",null,"把",3,"山东江宏机械设备有限公司",55,165,"掘三工区"]
[51,"2025-08-01","欢城煤矿","消防阀门","φ65",null,"个",10,"山东江宏机械设备有限公司",65,650,"机电工区","SN65"]
[52,"2025-08-01","欢城煤矿","炮泥袋","33*58cm",null,"个",10000,"山东江宏机械设备有限公司",0.55,5500,"机电工区"]
[53,"2025-08-01","欢城煤矿","卡簧钳",null,null,"把",1,"山东江宏机械设备有限公司",22,22,"运搬工区","直柄内卡  9寸 电瓶车用"]
[54,"2025-08-01","欢城煤矿","消防水带","φ65   25米/盘",null,"盘",4,"山东江宏机械设备有限公司",165,660,"运搬工区"]
[55,"2025-08-01","欢城煤矿","水玻璃","40波美度",null,"吨",0.25,"山东江宏机械设备有限公司",2900,725,"通防科","工业级  分5个桶装"]
[56,"2025-08-01","欢城煤矿","蓝色硅胶","500g/瓶",null,"瓶",30,"山东江宏机械设备有限公司",8,240,"通防科","小光干涉甲烷测定器上用（小颗粒）"]
[57,"2025-08-01","欢城煤矿","钠石灰",null,null,"瓶",20,"山东江宏机械设备有限公司",13,260,"通防科","小光瓦用（小颗粒）"]
[58,"2025-08-01","欢城煤矿","网线钳",null,"绿林","把",1,"山东江宏机械设备有限公司",135,135,"通防科","机轮款，高碳钢、可压五、六、七类水晶头"]
[59,"2025-08-01","欢城煤矿","材料卡片",null,null,"件",500,"山东江宏机械设备有限公司",1.8,900,"通防科","含机电科、二级仓库，强磁 、计数带轮、5.5*7.5cm 三轮  需看样品"]
[60,"2025-08-01","欢城煤矿","手持激光打码机","LBL4pro","陆宝","台",1,"山东江宏机械设备有限公司",7950,7950,"机电科","电缆打码用"]
[61,"2025-08-01","欢城煤矿","螺母","M20",null,"个",200,"微山岳峰商贸有限公司",0.4,80,"采一工区"]
[62,"2025-08-01","欢城煤矿","弹垫","ф20",null,"个",200,"微山岳峰商贸有限公司",0.15,30,"采一工区"]
[63,"2025-08-01","欢城煤矿","螺栓","M24*90",null,"个",30,"微山岳峰商贸有限公司",9,270,"采二工区","8.8级"]
[64,"2025-08-01","欢城煤矿","螺母","M24",null,"个",50,"微山岳峰商贸有限公司",1,50,"采二工区","8.8级"]
[65,"2025-08-01","欢城煤矿","弹垫","ф24",null,"个",50,"微山岳峰商贸有限公司",0.5,25,"采二工区","8.8级"]
[66,"2025-08-01","欢城煤矿","螺栓","20*95",null,"个",100,"微山岳峰商贸有限公司",2.2,220,"掘一工区","8.8级"]
[67,"2025-08-01","欢城煤矿","弹垫","ф20",null,"个",100,"微山岳峰商贸有限公司",0.15,15,"掘一工区","8.8级"]
[68,"2025-08-01","欢城煤矿","不锈钢螺栓","12*35",null,"个",50,"微山岳峰商贸有限公司",1,50,"机电工区"]
[69,"2025-08-01","欢城煤矿","螺栓","M12*45",null,"个",100,"微山岳峰商贸有限公司",1,100,"机电工区","不锈钢螺栓"]
[70,"2025-08-01","欢城煤矿","不锈钢螺丝","12*50",null,"套",100,"微山岳峰商贸有限公司",1.5,150,"机电工区"]
[71,"2025-08-01","欢城煤矿","螺栓","M10*40",null,"个",50,"微山岳峰商贸有限公司",0.6,30,"机电工区","不锈钢螺栓"]
[72,"2025-08-01","欢城煤矿","不锈钢弹垫","φ12",null,"个",200,"微山岳峰商贸有限公司",0.07,14,"机电工区"]
[73,"2025-08-01","欢城煤矿","开口销","8*70",null,"个",300,"微山岳峰商贸有限公司",0.3,90,"运搬工区","推车机用"]
[74,"2025-08-01","欢城煤矿","开口销","6*70",null,"个",300,"微山岳峰商贸有限公司",0.2,60,"运搬工区","推车机用"]
[75,"2025-08-01","欢城煤矿","单体支柱柱鞋","XFD300",null,"个",150,"山东华赫矿山机械有限公司",57.5,{"$f":"J79*H79","v":8625},"采一工区","含煤安检验报告/需看样品/含1.7米链子"]
[76,"2025-08-01","欢城煤矿","煤矿用负压传感器","GPD5000F(A)含三恒煤矿用负压传感器嵌入式软件V1.0","三恒科技","个",1,"江苏三恒科技股份有限公司",3500,3500,"通防科"]
[77,"2025-08-01","欢城煤矿","安全监控分站光电板","二光三电","三恒科技","个",5,"江苏三恒科技股份有限公司",1100,5500,"通防科"]
[78,"2025-08-01","欢城煤矿","马蹄环","40T",null,"个",30,"山东兴晔机械配件有限公司",12,360,"采二工区"]
[79,"2025-08-01","欢城煤矿","刮板","40T",null,"个",20,"山东兴晔机械配件有限公司",35,700,"采二工区","重量≥5Kg"]
[80,"2025-08-01","欢城煤矿","负荷销子",null,null,"个",100,"山东兴晔机械配件有限公司",5,500,"皮二工区","30*60（mm）聚酰脂材质"]
[81,"2025-08-01","欢城煤矿","矿用本质安全型浮球开关","KHF-1C",null,"个",1,"济宁弘巨商贸有限公司",295,295,"采二工区","乳化泵用"]
[82,"2025-08-01","欢城煤矿","手拉葫芦","5T","北京双泰","台",1,"山东省儒贤机电设备有限公司",3850,3850,"采二工区","重型、无火花"]
[83,"2025-08-01","欢城煤矿","手拉葫芦","5T","北京双泰","台",1,"山东省儒贤机电设备有限公司",3850,3850,"掘二工区","重型、无火花"]
[84,"2025-08-01","欢城煤矿","矿用局部通风机","FBDYN₀6.0/2*22","平安电气","台",2,"山东世聚矿山设备有限公司",39480,78960,"机电科","660/1140"]
[85,"2025-08-01","欢城煤矿","气动架柱式钻机","ZQJC-1000/11.5s",null,"台",1,"泊头佳洲机电设备有限公司",33500,33500,"机电科","含100钻杆"]
[86,"2025-08-01","欢城煤矿","尼龙扎带","6*300",null,"根",2000,"枣庄臻泰贸易有限公司",0.08,160,"采二工区"]
[87,"2025-08-01","欢城煤矿","彩色液晶屏及控制板","AFT-KL5.1VB","山东艾菲特","个",5,"枣庄臻泰贸易有限公司",300,1500,"机电工区","矿灯架用"]
[88,"2025-08-01","欢城煤矿","交流接触器","LC1N-3201","施耐德","个",4,"枣庄臻泰贸易有限公司",98,392,"运搬工区","井下行车用"]
[89,"2025-08-01","欢城煤矿","交流接触器","LC1N-1201","施耐德","个",4,"枣庄臻泰贸易有限公司",70,280,"运搬工区","井下行车用"]
[90,"2025-08-01","欢城煤矿","电池","KTT18广播电话用","常州智达","个",3,"枣庄臻泰贸易有限公司",160,480,"运搬工区","DC18V"]
[91,"2025-08-01","欢城煤矿","水晶头",null,"绿联","个",200,"枣庄臻泰贸易有限公司",8,1600,"通防科","纯铜镀金芯片水晶头"]
[92,"2025-08-01","欢城煤矿","尼龙扎带","4*300",null,"根",2000,"枣庄臻泰贸易有限公司",0.05,100,"通防科"]
[93,"2025-08-01","欢城煤矿","尼龙扎带","6*300",null,"根",2000,"枣庄臻泰贸易有限公司",0.08,160,"调度室"]
[94,"2025-08-01","欢城煤矿","锚杆（索）应力传感器电池","LR6AM-3/GMY",null,"块",20,"枣庄臻泰贸易有限公司",10,200,"生产科"]
[95,"2025-08-01","欢城煤矿","长型巷道灯","DGS48/127V(A)","华荣科技","个",20,"华荣科技股份有限公司",650,13000,"掘一工区"]
[96,"2025-08-01","欢城煤矿","长型巷道灯","DGS48/127V(A)","华荣科技","个",20,"华荣科技股份有限公司",650,13000,"掘二工区"]
[97,"2025-08-01","欢城煤矿","矿用本质安全型抗噪声电话机","KTH123","华荣科技","部",4,"华荣科技股份有限公司",750,3000,"调度室"]
[98,"2025-08-01","欢城煤矿","矿用平板车","MPC10-6",null,"辆",2,"山东华赫矿山机械有限公司",9800,19600,"机电科","含销子、环子、检测报告"]
[99,"2025-08-01","欢城煤矿","综掘机内置甲烷传感器","GJC4","上海创立","个",1,"济宁金翊机械制造有限公司",7980,7980,"掘三工区","EBZ200综掘机用"]
[100,"2025-08-01","欢城煤矿","锅炉燃烧器",null,"河北绿林环保有限公司","套",1,"滕州顺成五金交电化工有限公司",49800,49800,"机电工区","低氮燃烧器 LL-508  需现场核实厂家现场更换调试"]
[101,"2025-08-01","欢城煤矿","漏斗",null,null,"个",2,"滕州市大陆矿山机械制造有限责任公司",57000,114000,"皮二工区","分煤口漏斗 尺寸需要现场测量 含安装"]
[102,"2025-08-01","欢城煤矿","电液控自动分煤装置","LBS-EZ-08",null,"套",1,"滕州市大陆矿山机械制造有限责任公司",103000,103000,"皮二工区","需要现场测量 含安装"]
[103,"2025-08-01","欢城煤矿","镀锌带钢","40*4mm",null,"吨",0.1,"泰安市瑞事达钢材有限公司",5500,550,"采一工区","加工用.以实际送货吨位结算"]
[104,"2025-08-01","崔庄煤矿","钢丝绳","6V*34+SF/28mm 左捻","布顿（杭州）钢丝绳有限公司","米",880,"济宁金翊机械制造有限公司",195,{"$f":"H108*J108","v":171600},"机电科","440米/根*2，镀锌表面涂油，捻向SS;公称强度1670MPa;副井备用"]
[105,"2025-08-01","崔庄煤矿","钢丝绳","φ6.2",null,"米",1000,"济宁金翊机械制造有限公司",1.5,1500,"掘二"]
[106,"2025-08-01","崔庄煤矿","钢丝绳","φ4-5",null,"米",1000,"济宁金翊机械制造有限公司",1.5,1500,"掘三"]
[107,"2025-08-01","崔庄煤矿","柔性管卡","φ108",null,"套",158,"山东省儒贤机电设备有限公司",22,3476,"综机科","工作压力6MPA"]
[108,"2025-08-01","崔庄煤矿","沟槽90度弯头","Φ108",null,"个",20,"山东省儒贤机电设备有限公司",42,840,"综机科","工作压力6MPA"]
[109,"2025-08-01","崔庄煤矿","沟槽90度弯头","φ89",null,"个",30,"山东省儒贤机电设备有限公司",30,900,"综机科","工作压力6MPA"]
[110,"2025-08-01","崔庄煤矿","沟槽暗杆闸阀","φ89",null,"个",3,"山东省儒贤机电设备有限公司",2650,7950,"综机科","工作压力6MPA"]
[111,"2025-08-01","崔庄煤矿","蓝色涂塑无缝钢管","DN100*4mm*6m",null,"根",44,"山东省儒贤机电设备有限公司",370,16280,"综机科","工作压力6MPa"]
[112,"2025-08-01","崔庄煤矿","绿色涂塑无缝钢管","DN100*4mm*6m",null,"根",54,"山东省儒贤机电设备有限公司",370,19980,"综机科","工作压力6MPa"]
[113,"2025-08-01","崔庄煤矿","沟槽式正三通","Φ108",null,"个",20,"山东省儒贤机电设备有限公司",68,1360,"机修厂"]
[114,"2025-08-01","崔庄煤矿","变径管节","DN89-108",null,"个",20,"山东省儒贤机电设备有限公司",41,820,"掘一","长20CM"]
[115,"2025-08-01","崔庄煤矿","木材",null,null,"立方",100,"微山县立高贸易有限公司",2060,206000,"供应科","18-28"]
[116,"2025-08-01","崔庄煤矿","石子",null,null,"吨",200,"微山县欢城镇家顺建材销售部",99,19800,"供应科"]
[117,"2025-08-01","崔庄煤矿","锰钢链条","φ18*70*26 C级",null,"米",200,"济宁厚成商贸有限公司",55.6,11120,"机电科","吊装用，破断力不小于410KN;带检测报告200米整体一根"]
[118,"2025-08-01","崔庄煤矿","锚索张拉机具工具锚","TMQ18-400","北京巧力","个",20,"山东瑞合装备科技有限公司",158,3160,"质标办"]
[119,"2025-08-01","崔庄煤矿","退锚机","TMQ18-400","北京巧力","台",2,"山东瑞合装备科技有限公司",16500,33000,"质标办","含两个退锚器"]
[120,"2025-08-01","崔庄煤矿","风动油泵","FDB0.63*63","北京巧力科技有限责任公司","台",1,"山东瑞合装备科技有限公司",10500,10500,"质标办","与退锚机配套使用"]
[121,"2025-08-01","崔庄煤矿","气动葫芦","6T","北京双泰/安徽加斯顿","台",2,"山东省儒贤机电设备有限公司",10000,20000,"综机科","HQ6"]
[122,"2025-08-01","崔庄煤矿","黄漆",null,"齐鲁牌","千克",300,"枣庄鑫来源矿山设备有限公司",11.26,3378,"供应科","15/KG/桶"]
[123,"2025-08-01","崔庄煤矿","白漆",null,"齐鲁牌","千克",300,"枣庄鑫来源矿山设备有限公司",11.43,3429,"供应科","15/KG/桶"]
[124,"2025-08-01","崔庄煤矿","天蓝漆","15kg/桶","齐鲁牌","桶",15,"枣庄鑫来源矿山设备有限公司",170,2550,"供应科","15/KG/桶"]
[125,"2025-08-01","崔庄煤矿","铰钳","450mm","得力","把",2,"枣庄鑫来源矿山设备有限公司",124.5,249,"掘二","18寸"]
[126,"2025-08-01","崔庄煤矿","圆锉","250mm",null,"个",2,"枣庄鑫来源矿山设备有限公司",6.5,13,"掘二","10寸"]
[127,"2025-08-01","崔庄煤矿","半圆锉","250mm",null,"个",2,"枣庄鑫来源矿山设备有限公司",7.5,15,"掘二","10寸"]
[128,"2025-08-01","崔庄煤矿","皮卷尺","50M","得力","个",2,"枣庄鑫来源矿山设备有限公司",38.5,77,"掘二"]
[129,"2025-08-01","崔庄煤矿","手板锯","450mm",null,"个",5,"枣庄鑫来源矿山设备有限公司",26,130,"掘三"]
[130,"2025-08-01","崔庄煤矿","手板锯","450mm",null,"个",4,"枣庄鑫来源矿山设备有限公司",26,104,"通防工区","木工手锯，木厂"]
[131,"2025-08-01","崔庄煤矿","绕线模具",null,null,"组",8,"枣庄鑫来源矿山设备有限公司",100,800,"机修厂","有样品，直径Φ120,8个"]
[132,"2025-08-01","崔庄煤矿","游标卡尺","0-500MM","哈量牌","把",1,"枣庄鑫来源矿山设备有限公司",600,600,"机修厂"]
[133,"2025-08-01","崔庄煤矿","蝴蝶扣","8T",null,"个",6,"枣庄鑫来源矿山设备有限公司",24,144,"巷修","见实物"]
[134,"2025-08-01","崔庄煤矿","钢卷尺","5m","得力","把",3,"枣庄鑫来源矿山设备有限公司",12,36,"通防工区","木厂"]
[135,"2025-08-01","崔庄煤矿","板牙","M12",null,"个",20,"枣庄鑫来源矿山设备有限公司",7.25,145,"机修厂","圆板牙"]
[136,"2025-08-01","崔庄煤矿","大开口钩","8T",null,"个",6,"枣庄鑫来源矿山设备有限公司",72,432,"巷修","见实物"]
[137,"2025-08-01","崔庄煤矿","气动扳手",null,null,"套",1,"枣庄鑫来源矿山设备有限公司",414,414,"巷修","1/2F3500A"]
[138,"2025-08-01","崔庄煤矿","气动扳手转换头","3/4转1/2",null,"个",3,"枣庄鑫来源矿山设备有限公司",18.3,54.9,"巷修","气动扳手变节，3/4FX1/2"]
[139,"2025-08-01","崔庄煤矿","镶合金锥柄加长螺旋立铣刀","30*80 4刃",null,"把",4,"枣庄鑫来源矿山设备有限公司",110,440,"机修厂","铣床用"]
[140,"2025-08-01","崔庄煤矿","塑封机","A3/A4",null,"个",1,"枣庄鑫来源矿山设备有限公司",96,96,"调度室","33939黑色"]
[141,"2025-08-01","崔庄煤矿","压力表","Y100 0-1.6MPa",null,"块",30,"济宁厚成商贸有限公司",22,660,"机修厂"]
[142,"2025-08-01","崔庄煤矿","压力表","Y100 0-2.5MPa",null,"块",10,"济宁厚成商贸有限公司",22,220,"机修厂"]
[143,"2025-08-01","崔庄煤矿","压力表","Y100 0-4MPa",null,"块",5,"济宁厚成商贸有限公司",22,110,"机修厂"]
[144,"2025-08-01","崔庄煤矿","兆欧表","2500 MΩ",null,"块",1,"济宁厚成商贸有限公司",670,670,"掘二","2500V"]
[145,"2025-08-01","崔庄煤矿","风表","低速",null,"块",3,"济宁厚成商贸有限公司",440,1320,"通防科","(F)-5"]
[146,"2025-08-01","崔庄煤矿","U型压差计","量程正负1000",null,"个",50,"济宁厚成商贸有限公司",15,750,"通防科","有机玻璃"]
[147,"2025-08-01","崔庄煤矿","红外线测距仪",null,"深达威","个",2,"济宁厚成商贸有限公司",720,1440,"巷修","SW-1008"]
[148,"2025-08-01","崔庄煤矿","矿用铜套管温度计","0-60℃   12CM",null,"个",50,"济宁厚成商贸有限公司",15,750,"通防科"]
[149,"2025-08-01","崔庄煤矿","光干涉甲烷测定器外套",null,"护套，CJG-100","个",10,"济宁厚成商贸有限公司",80,800,"通防科"]
[150,"2025-08-01","崔庄煤矿","激光甲烷检测报警仪","JJB10",null,"套",20,"济宁厚成商贸有限公司",1750,35000,"通防科","便携式激光甲烷测定器"]
[151,"2025-08-01","崔庄煤矿","轴承",22316,"哈尔滨","盘",20,"济宁嘉恒经贸有限责任公司",356,7120,"机修厂","22316CA  修设备用"]
[152,"2025-08-01","崔庄煤矿","轴承",6309,"哈尔滨","盘",20,"济宁嘉恒经贸有限责任公司",45,900,"机修厂","修设备用"]
[153,"2025-08-01","崔庄煤矿","轴承",6312,"哈尔滨","盘",20,"济宁嘉恒经贸有限责任公司",82,1640,"机修厂","修设备用"]
[154,"2025-08-01","崔庄煤矿","轴承",6210,"哈尔滨","盘",20,"济宁嘉恒经贸有限责任公司",28.5,570,"机修厂","修设备用"]
[155,"2025-08-01","崔庄煤矿","加油桶",null,null,"个",3,"山东江宏机械设备有限公司",210,630,"掘二","长嘴不锈钢15L全盖带滤网"]
[156,"2025-08-01","崔庄煤矿","干燥剂","NED   200克/包",null,"包",50,"山东江宏机械设备有限公司",2,100,"掘二"]
[157,"2025-08-01","崔庄煤矿","钢丝刷",null,null,"把",10,"山东江宏机械设备有限公司",4,40,"掘三"]
[158,"2025-08-01","崔庄煤矿","钢锯条","50/盒",null,"盒",5,"山东江宏机械设备有限公司",26,130,"掘三"]
[159,"2025-08-01","崔庄煤矿","钢锯架",null,null,"把",2,"山东江宏机械设备有限公司",20,40,"掘三"]
[160,"2025-08-01","崔庄煤矿","钢丝刷",null,null,"把",10,"山东江宏机械设备有限公司",10,100,"钻机队","8*8排"]
[161,"2025-08-01","崔庄煤矿","砂纸","P80C",null,"张",200,"山东江宏机械设备有限公司",0.7,140,"机修厂"]
[162,"2025-08-01","崔庄煤矿","淋浴花洒",null,null,"个",60,"山东江宏机械设备有限公司",30,1800,"总务科","全铜55孔莲蓬头/有实物"]
[163,"2025-08-01","崔庄煤矿","钢锯条","50/盒",null,"盒",1,"山东江宏机械设备有限公司",26,26,"通防工区","手锯钢锯条，约30cm，50根"]
[164,"2025-08-01","崔庄煤矿","割嘴","2#",null,"个",40,"山东江宏机械设备有限公司",4,160,"机修厂"]
[165,"2025-08-01","崔庄煤矿","耐磨蓝脂黄油","300g/支","京扬","支",30,"山东江宏机械设备有限公司",9,270,"机修厂","黄油（毛毛虫"]
[166,"2025-08-01","崔庄煤矿","电磁阀膜片","DF100F含铁芯",null,"个",6,"山东江宏机械设备有限公司",290,1740,"机修厂","有样品"]
[167,"2025-08-01","崔庄煤矿","机械密封","30KW","鱼台星源","个",2,"山东江宏机械设备有限公司",550,1100,"机修厂","2套    修30KW水泵用"]
[168,"2025-08-01","崔庄煤矿","风镐钎子","G10",null,"个",50,"山东江宏机械设备有限公司",20,1000,"供应科","尖头"]
[169,"2025-08-01","崔庄煤矿","黄蜡管","φ10",null,"根",30,"山东江宏机械设备有限公司",1,30,"机修厂"]
[170,"2025-08-01","崔庄煤矿","黄蜡管","φ12",null,"根",30,"山东江宏机械设备有限公司",2,60,"机修厂"]
[171,"2025-08-01","崔庄煤矿","黄蜡管","φ14",null,"根",30,"山东江宏机械设备有限公司",3,90,"机修厂"]
[172,"2025-08-01","崔庄煤矿","纯棉软毛刷","伸缩长杆",null,"个",5,"山东江宏机械设备有限公司",40,200,"掘二"]
[173,"2025-08-01","崔庄煤矿","气动扳手变节","1/2FX3/4",null,"个",3,"山东江宏机械设备有限公司",15,45,"巷修"]
[174,"2025-08-01","崔庄煤矿","特亮反光涂料","4kg/桶",null,"桶",4,"山东江宏机械设备有限公司",210,840,"皮一","透明特亮反光"]
[175,"2025-08-01","崔庄煤矿","起重吊带","8T/2米",null,"个",30,"山东江宏机械设备有限公司",80,2400,"巷修","单轨吊用"]
[176,"2025-08-01","崔庄煤矿","射钉","8*80 含S3",null,"套",500,"微山岳峰商贸有限公司",0.7,350,"掘一"]
[177,"2025-08-01","崔庄煤矿","元钉","70mm",null,"千克",10,"微山岳峰商贸有限公司",6,60,"掘一"]
[178,"2025-08-01","崔庄煤矿","螺栓","M16*45",null,"个",100,"微山岳峰商贸有限公司",0.7,70,"掘一","8.8级"]
[179,"2025-08-01","崔庄煤矿","内六角螺栓","M16*50",null,"个",100,"微山岳峰商贸有限公司",1,100,"掘一","8.8级"]
[180,"2025-08-01","崔庄煤矿","螺栓","20*45 10.9级 达克锈",null,"条",100,"微山岳峰商贸有限公司",2.3,230,"掘一","10.9级"]
[181,"2025-08-01","崔庄煤矿","螺栓","M30*260",null,"条",50,"微山岳峰商贸有限公司",19,950,"掘一","10.9级"]
[182,"2025-08-01","崔庄煤矿","平垫","ф16",null,"个",2000,"微山岳峰商贸有限公司",0.08,160,"掘一"]
[183,"2025-08-01","崔庄煤矿","螺栓","M10*50",null,"个",200,"微山岳峰商贸有限公司",0.2,40,"掘一"]
[184,"2025-08-01","崔庄煤矿","螺栓","M12*50",null,"个",200,"微山岳峰商贸有限公司",0.3,60,"掘一"]
[185,"2025-08-01","崔庄煤矿","螺栓","M20*40",null,"个",20,"微山岳峰商贸有限公司",2.2,44,"掘二","12.9级达克锈"]
[186,"2025-08-01","崔庄煤矿","螺栓","M20*55",null,"个",20,"微山岳峰商贸有限公司",2.5,50,"掘二","12.9级达克锈"]
[187,"2025-08-01","崔庄煤矿","螺栓","M20*75",null,"个",20,"微山岳峰商贸有限公司",10,200,"掘二","12.9级达克锈"]
[188,"2025-08-01","崔庄煤矿","内六角螺栓","16*65",null,"个",50,"微山岳峰商贸有限公司",1.8,90,"掘二","12.9级"]
[189,"2025-08-01","崔庄煤矿","螺栓","M16*55",null,"个",600,"微山岳峰商贸有限公司",0.6,360,"掘二"]
[190,"2025-08-01","崔庄煤矿","螺栓","10*120",null,"个",100,"微山岳峰商贸有限公司",0.5,50,"掘二"]
[191,"2025-08-01","崔庄煤矿","螺栓","M12*120",null,"个",100,"微山岳峰商贸有限公司",0.6,60,"掘二"]
[192,"2025-08-01","崔庄煤矿","螺母","M12",null,"个",1000,"微山岳峰商贸有限公司",0.1,100,"掘三"]
[193,"2025-08-01","崔庄煤矿","平垫","ф12",null,"个",1000,"微山岳峰商贸有限公司",0.05,50,"掘三"]
[194,"2025-08-01","崔庄煤矿","平垫","ф16",null,"个",1000,"微山岳峰商贸有限公司",0.07,70,"掘三"]
[195,"2025-08-01","崔庄煤矿","弹垫","ф12",null,"个",1000,"微山岳峰商贸有限公司",0.05,50,"掘三"]
[196,"2025-08-01","崔庄煤矿","弹垫","ф16",null,"个",1000,"微山岳峰商贸有限公司",0.07,70,"掘三"]
[197,"2025-08-01","崔庄煤矿","螺栓","M16*100",null,"个",500,"微山岳峰商贸有限公司",1,500,"掘三"]
[198,"2025-08-01","崔庄煤矿","螺栓","M16*45",null,"个",500,"微山岳峰商贸有限公司",0.5,250,"掘三"]
[199,"2025-08-01","崔庄煤矿","内六角螺栓","M8*35",null,"个",200,"微山岳峰商贸有限公司",0.15,30,"机修厂"]
[200,"2025-08-01","崔庄煤矿","螺栓","10*25  8.8级",null,"条",200,"微山岳峰商贸有限公司",0.15,30,"机修厂","8.8级"]
[201,"2025-08-01","崔庄煤矿","螺栓","M12*60",null,"个",200,"微山岳峰商贸有限公司",0.5,100,"机修厂","8.8级"]
[202,"2025-08-01","崔庄煤矿","螺栓","16*35  8.8级",null,"条",300,"微山岳峰商贸有限公司",0.6,180,"机修厂","8.8级"]
[203,"2025-08-01","崔庄煤矿","螺栓","M16*40",null,"个",300,"微山岳峰商贸有限公司",0.7,210,"机修厂","8.8级"]
[204,"2025-08-01","崔庄煤矿","镀锌螺栓","M10*35",null,"个",300,"微山岳峰商贸有限公司",0.2,60,"机修厂"]
[205,"2025-08-01","崔庄煤矿","镀锌螺栓","10*30",null,"个",300,"微山岳峰商贸有限公司",0.2,60,"机修厂"]
[206,"2025-08-01","崔庄煤矿","镀锌螺栓","10*50",null,"个",300,"微山岳峰商贸有限公司",0.25,75,"机修厂"]
[207,"2025-08-01","崔庄煤矿","镀锌螺栓","12*45",null,"个",300,"微山岳峰商贸有限公司",0.3,90,"机修厂"]
[208,"2025-08-01","崔庄煤矿","平垫","ф24",null,"个",200,"微山岳峰商贸有限公司",0.25,50,"机修厂"]
[209,"2025-08-01","崔庄煤矿","弹垫","ф24",null,"个",200,"微山岳峰商贸有限公司",0.3,60,"机修厂"]
[210,"2025-08-01","崔庄煤矿","射钉","8*80 含S3",null,"套",500,"微山岳峰商贸有限公司",0.7,350,"掘三","含射钉弹"]
[211,"2025-08-01","崔庄煤矿","钢钉","40mm",null,"千克",2,"微山岳峰商贸有限公司",13,26,"掘三"]
[212,"2025-08-01","崔庄煤矿","胀钉","10#",null,"个",100,"微山岳峰商贸有限公司",0.7,70,"皮一","10*80  挂钩膨胀钉"]
[213,"2025-08-01","崔庄煤矿","元钉","100mm",null,"千克",30,"微山岳峰商贸有限公司",6,180,"通防工区"]
[214,"2025-08-01","崔庄煤矿","花兰螺丝","M16",null,"个",50,"微山岳峰商贸有限公司",6,300,"通防工区"]
[215,"2025-08-01","崔庄煤矿","燕尾钉",null,null,"个",500,"微山岳峰商贸有限公司",1,500,"掘二","8*25mm"]
[216,"2025-08-01","崔庄煤矿","花篮螺栓","U——O  4T",null,"个",10,"微山岳峰商贸有限公司",10,100,"巷修","见实物"]
[217,"2025-08-01","崔庄煤矿","花篮螺栓","U——U  4T",null,"个",50,"微山岳峰商贸有限公司",9,450,"巷修","见实物"]
[218,"2025-08-01","崔庄煤矿","法兰截止阀","φ100",null,"个",20,"微山岳峰商贸有限公司",913,18260,"机修厂","40KG含法兰盘"]
[219,"2025-08-01","崔庄煤矿","电磁阀水阀","DN20 220V 2W长臂式",null,"个",6,"微山岳峰商贸有限公司",119,714,"计量科"]
[220,"2025-08-01","崔庄煤矿","水泵进水过滤网","高30cm直径20cm   1.5寸宝塔接头",null,"个",6,"微山岳峰商贸有限公司",94,564,"巷修","漉网高30CM直径20CM"]
[221,"2025-08-01","崔庄煤矿","BUC手动阀","12mm",null,"个",50,"微山岳峰商贸有限公司",17,850,"通防科"]
[222,"2025-08-01","崔庄煤矿","法兰镀锌泵管","DN80*3米","有样品","根",15,"微山岳峰商贸有限公司",123,1845,"机修厂","矿区供水"]
[223,"2025-08-01","崔庄煤矿","诺氟沙星胶囊",null,null,"盒",10,"步惊烟商贸（枣庄）有限公司",9.5,95,"救护队","要新日期原药品即将过期更新"]
[224,"2025-08-01","崔庄煤矿","阿莫西林胶囊",null,null,"盒",10,"步惊烟商贸（枣庄）有限公司",6.8,68,"救护队","要新日期原药药品即将过期"]
[225,"2025-08-01","崔庄煤矿","速效救心丸",null,null,"盒",10,"步惊烟商贸（枣庄）有限公司",48,480,"救护队","要新日期原药药品即将过期更新"]
[226,"2025-08-01","崔庄煤矿","复方丹参片",null,null,"盒",10,"步惊烟商贸（枣庄）有限公司",27,270,"救护队","要新日期原药药品即将到期更新"]
[227,"2025-08-01","崔庄煤矿","碘伏",null,null,"瓶",10,"步惊烟商贸（枣庄）有限公司",12,120,"救护队","要新日期原来药品即将过期更新"]
[228,"2025-08-01","崔庄煤矿","急救箱","BK-CO2",null,"个",4,"步惊烟商贸（枣庄）有限公司",585,2340,"救护队","即将过期更新"]
[229,"2025-08-01","崔庄煤矿","便携式担架",null,null,"副",2,"步惊烟商贸（枣庄）有限公司",170,340,"救护队","新款式折叠担架"]
[230,"2025-08-01","崔庄煤矿","高压胶管","KJ10*4*2m",null,"根",10,"山东省儒贤机电设备有限公司",37.5,{"$f":"J234*H234","v":375},"掘一","kj10-46mpa-2000mm"]
[231,"2025-08-01","崔庄煤矿","高压胶管","KJ10*4*5m",null,"根",10,"山东省儒贤机电设备有限公司",85,850,"掘一","kj10-46mpa-5000mm"]
[232,"2025-08-01","崔庄煤矿","高压胶管","KJ19*4*2m",null,"根",10,"山东省儒贤机电设备有限公司",68,680,"掘一","kj19-46mpa-2000mm"]
[233,"2025-08-01","崔庄煤矿","高压胶管","KJ25*4*2m",null,"根",10,"山东省儒贤机电设备有限公司",88,880,"掘一","kj25-46mpa-2000mm"]
[234,"2025-08-01","崔庄煤矿","高压胶管","KJR25-46/5000",null,"根",10,"山东省儒贤机电设备有限公司",195,1950,"掘一"]
[235,"2025-08-01","崔庄煤矿","保护器","WTF-200","淮南万泰","个",1,"淮南万泰电子股份有限公司",5800,5800,"掘一","WTF-200(III)"]
[236,"2025-08-01","崔庄煤矿","接线柱","10#","淮南万泰","个",20,"淮南万泰电子股份有限公司",92,1840,"机修厂","修QJZ-2*80开关用（有样品））"]
[237,"2025-08-01","崔庄煤矿","二通电缆接头","1.5平方毫米",null,"套",50,"山东江宏机械设备有限公司",50,2500,"采一","直通MKJ-1.5"]
[238,"2025-08-01","崔庄煤矿","二通电缆接头","2.5平方毫米",null,"套",50,"山东江宏机械设备有限公司",60,3000,"采一","直通MKJ-2.5"]
[239,"2025-08-01","崔庄煤矿","密封圈","40*30*5",null,"个",50,"山东江宏机械设备有限公司",2,100,"机修厂","修开关用"]
[240,"2025-08-01","崔庄煤矿","挡圈","33*22*3",null,"个",100,"山东江宏机械设备有限公司",2,200,"机修厂","修开关用"]
[241,"2025-08-01","崔庄煤矿","挡圈","40*30*3",null,"个",50,"山东江宏机械设备有限公司",3,150,"机修厂","修开关用"]
[242,"2025-08-01","崔庄煤矿","挡板","40*3",null,"个",50,"山东江宏机械设备有限公司",3,150,"机修厂","修开关用"]
[243,"2025-08-01","崔庄煤矿","密封圈","∮26*18*5",null,"个",50,"山东江宏机械设备有限公司",3,150,"机修厂","修开关用"]
[244,"2025-08-01","崔庄煤矿","挡板","∮26*3",null,"个",50,"山东江宏机械设备有限公司",7,350,"机修厂","修开关用"]
[245,"2025-08-01","崔庄煤矿","挡圈","∮26*18*3",null,"个",50,"山东江宏机械设备有限公司",3,150,"机修厂","修开关用"]
[246,"2025-08-01","崔庄煤矿","温度传感器","GWD200","南京高华科技股份有限公司","件",2,"山东江宏机械设备有限公司",1450,2900,"综机科","南京六合乳化泵液箱用，输出信号PT100"]
[247,"2025-08-01","崔庄煤矿","电话线",null,null,"盘",10,"山东江宏机械设备有限公司",26,260,"调度室","2芯电话线铜，2*0.5*100米"]
[248,"2025-08-01","崔庄煤矿","电话机",null,"飞利浦","台",10,"山东江宏机械设备有限公司",185,1850,"调度室","CORD382"]
[249,"2025-08-01","崔庄煤矿","电话机房交换机保险","P01D镀金件正品保险单元",null,"个",50,"山东江宏机械设备有限公司",26,1300,"调度室","井上电话机房交换机已无保险单元"]
[250,"2025-08-01","崔庄煤矿","尼龙扎带","10*1000",null,"包",1,"山东江宏机械设备有限公司",210,210,"掘二","500根/包"]
[251,"2025-08-01","崔庄煤矿","电池","1#","南孚","节",50,"山东江宏机械设备有限公司",10,500,"通防科"]
[252,"2025-08-01","崔庄煤矿","开口铜鼻子","400A",null,"个",100,"山东江宏机械设备有限公司",6,600,"掘三"]
[253,"2025-08-01","崔庄煤矿","电磁阀线圈","DN100mm电磁阀用，220V，0.06~1.0MPa",null,"个",6,"山东江宏机械设备有限公司",185,1110,"机修厂","铜，DF-100适用，有样品"]
[254,"2025-08-01","崔庄煤矿","铜卡爪","φ10",null,"个",100,"山东江宏机械设备有限公司",2,200,"机修厂"]
[255,"2025-08-01","崔庄煤矿","铜卡爪","φ12",null,"个",100,"山东江宏机械设备有限公司",3,300,"机修厂"]
[256,"2025-08-01","崔庄煤矿","巷道灯","DGC36w/127",null,"个",60,"济宁厚成商贸有限公司",310,18600,"供应科"]
[257,"2025-08-01","崔庄煤矿","矿用本安型摄像仪","KBA12","华洋通信","套",1,"山东省儒贤机电设备有限公司",16000,16000,"综机科","热成像摄像仪，报警输出点常闭，动作后常开，和现有设备程序配套，含安装，调试，服务。KBA12R"]
[258,"2025-08-01","崔庄煤矿","销轴","Q/JD119A-50X213","山东久鼎开元","个",60,"山东久鼎开元煤矿机械有限公司",85,5100,"综机科"]
[259,"2025-08-01","崔庄煤矿","挡销","Q/JD882A-20*245","山东久鼎开元","个",30,"山东久鼎开元煤矿机械有限公司",30,900,"综机科"]
[260,"2025-08-01","崔庄煤矿","开口销","5×30","山东九鼎开元机械有限公司","个",300,"山东久鼎开元煤矿机械有限公司",1.5,450,"综机科","SGZ730/400刮板机用"]
[261,"2025-08-01","崔庄煤矿","矿用本安型遥控发送器","FYF30",null,"台",4,"三一重型装备有限公司",28000,112000,"采一","730采煤机用左右各2个，2付"]
[262,"2025-08-01","崔庄煤矿","调高油缸组件","C68.11.3B（CMJ009570169）","三一重装","个",1,"三一重型装备有限公司",20355,20355,"采一","730采煤机用"]
[263,"2025-08-01","崔庄煤矿","清扫器","一字",null,"个",2,"滕州市大陆矿山机械制造有限责任公司",790,1580,"采一","YQZHPO一道重型"]
[264,"2025-08-01","崔庄煤矿","清扫器","一字",null,"个",2,"滕州市大陆矿山机械制造有限责任公司",795,1590,"采一","YQPPU二道"]
[265,"2025-08-01","崔庄煤矿","刮板","刮板J1C.3.3-1",null,"个",10,"滕州市大陆矿山机械制造有限责任公司",60,600,"掘二","掘锚机"]
[266,"2025-08-01","崔庄煤矿","马蹄环","开口式连接环18×64-CMT71",null,"个",20,"滕州市大陆矿山机械制造有限责任公司",20,400,"掘二","开口式连接环   掘锚机"]
[267,"2025-08-01","崔庄煤矿","缓冲托辊","89×89×335",null,"个",30,"滕州市大陆矿山机械制造有限责任公司",120,3600,"掘一"]
[268,"2025-08-01","崔庄煤矿","异径三通","φ10/25",null,"个",20,"滕州市顺政商贸有限公司",77,1540,"采一"]
[269,"2025-08-01","崔庄煤矿","中间接头","φ10",null,"件",30,"滕州市顺政商贸有限公司",6,180,"掘一"]
[270,"2025-08-01","崔庄煤矿","中间接头","φ19",null,"个",20,"滕州市顺政商贸有限公司",14,280,"掘一"]
[271,"2025-08-01","崔庄煤矿","球形截止阀","φ25",null,"个",30,"滕州市顺政商贸有限公司",154,4620,"掘三"]
[272,"2025-08-01","崔庄煤矿","液控手柄","13318584    TBCM.27",null,"个",10,"山东佑嘉机械设备有限公司",440,4400,"掘二"]
[273,"2025-08-01","崔庄煤矿","防松垫圈","HLS-24",null,"个",100,"山东佑嘉机械设备有限公司",5,500,"掘二","φ24"]
[274,"2025-08-01","崔庄煤矿","螺母分离器","22-27mm",null,"支",6,"山东佑嘉机械设备有限公司",60,360,"掘二"]
[275,"2025-08-01","崔庄煤矿","导向滚筒","Y2.1",null,"个",1,"山东佑嘉机械设备有限公司",1750,1750,"掘一"]
[276,"2025-08-01","崔庄煤矿","张紧装置","JTB3A",null,"件",1,"山东佑嘉机械设备有限公司",1250,1250,"掘二","掘锚机"]
[277,"2025-08-01","崔庄煤矿","油箱回油滤芯","UA159A12-20H",null,"个",6,"山东佑嘉机械设备有限公司",220,1320,"掘二","液压滤芯   掘锚机"]
[278,"2025-08-01","崔庄煤矿","管接头","WHLM18-LM22",null,"个",4,"山东佑嘉机械设备有限公司",30,120,"掘二","铰接式接头   掘锚机"]
[279,"2025-08-01","崔庄煤矿","行走涨紧装置","J32.5.10",null,"个",1,"山东佑嘉机械设备有限公司",2900,2900,"掘二","掘锚机"]
[280,"2025-08-01","崔庄煤矿","矿用本安型堆煤传感器","GUJ20（A）","淮南创进","台",5,"济宁市正行贸易有限公司",550,2750,"机电科"]
[281,"2025-08-01","崔庄煤矿","跑偏传感器","GEJ30","淮南创进","个",6,"济宁市正行贸易有限公司",1200,7200,"机电科"]
[282,"2025-08-01","崔庄煤矿","手拉葫芦","3T",null,"台",1,"微山毅恒源商贸有限公司",480,480,"皮一","重型"]
[283,"2025-08-01","崔庄煤矿","手拉葫芦","2T",null,"台",1,"微山毅恒源商贸有限公司",310,310,"皮一","重型"]
[284,"2025-08-01","崔庄煤矿","无线发射机","SNC-3085-9 + 低水位探头+          太阳能板一套","圣尼克","套",2,"山东江宏机械设备有限公司",695,1390,"机修厂","矿内/井下供水监测"]
[285,"2025-08-01","崔庄煤矿","无线接收机","99路SNC-618T+声光警号","圣尼克","套",1,"山东江宏机械设备有限公司",550,550,"机修厂","矿内/井下供水监测"]
[286,"2025-08-01","崔庄煤矿","隔离腔油封","SQZX75  02-3","南京六合矿山机械","件",6,"枣庄龙达力矿用设备有限公司",15,90,"综机科","SQZX75 03   315/6.3喷雾泵用"]
[287,"2025-08-01","崔庄煤矿","矿用反冲洗水质过滤器","SKFL-108/6.5",null,"件",1,"山东华赫矿山机械有限公司",1900,1900,"综机科"]
[288,"2025-08-01","崔庄煤矿","自吸泵悬架体","ZWS100-100-250自吸泵（15KW）悬架体，包含联轴器、弹性垫一套","山东博耐泵业有限公司","套",1,"滕州市意颖矿山配件有限公司",1600,1600,"计量科"]
[289,"2025-08-03","崔庄煤矿","圆钢","∮130",null,"1根",0.43,"泰安市瑞事达钢材有限公司",4550,{"$f":"H293*J293","v":1956.5},"机修厂","加工用.以实际送货吨位结算"]
[290,"2025-08-04","崔庄煤矿","角铁","∠4*40",null,"50根",0.72,"泰安市瑞事达钢材有限公司",4580,3297.6,"机修厂","加工用.以实际送货吨位结算"]
[291,"2025-08-05","崔庄煤矿","角铁","∠5*50",null,"50根",1.1,"泰安市瑞事达钢材有限公司",4520,4972,"机修厂","加工用.以实际送货吨位结算"]
[292,"2025-08-06","崔庄煤矿","角铁","∠7*70",null,"50根",2.2,"泰安市瑞事达钢材有限公司",4550,10010,"机修厂","加工用.以实际送货吨位结算"]
[293,"2025-08-07","崔庄煤矿","带铁","5*50",null,"50根",0.6,"泰安市瑞事达钢材有限公司",4600,2760,"机修厂","加工用.以实际送货吨位结算"]
[294,"2025-08-08","崔庄煤矿","钢管","4\"",null,"30根",0.2,"泰安市瑞事达钢材有限公司",4610,922,"机修厂","加工用.以实际送货吨位结算"]
[295,"2025-08-09","崔庄煤矿","钢管","6\"",null,"30根",0.29,"泰安市瑞事达钢材有限公司",4600,1334,"机修厂","加工用.以实际送货吨位结算"]
[296,"2025-08-10","崔庄煤矿","钢板","∫3",null,"6张",1.27,"泰安市瑞事达钢材有限公司",4620,5867.4,"机修厂","加工用.以实际送货吨位结算"]
[297,"2025-08-11","崔庄煤矿","钢板","∫6",null,"6张",2.5,"泰安市瑞事达钢材有限公司",4530,11325,"机修厂","加工用.以实际送货吨位结算"]
[298,"2025-08-12","崔庄煤矿","钢板","∫8",null,"8张",4.5,"泰安市瑞事达钢材有限公司",4530,20385,"机修厂","加工用.以实际送货吨位结算"]
[299,"2025-08-13","崔庄煤矿","钢板","∫10",null,"10张",7,"泰安市瑞事达钢材有限公司",4530,31710,"机修厂","加工用.以实际送货吨位结算"]
[300,"2025-08-14","崔庄煤矿","钢板","∫12",null,"12张",10,"泰安市瑞事达钢材有限公司",4530,45300,"机修厂","加工用.以实际送货吨位结算"]
[301,"2025-08-15","崔庄煤矿","槽钢","[10",null,"20根",1.2,"泰安市瑞事达钢材有限公司",4520,5424,"机修厂","加工用.以实际送货吨位结算"]
[302,"2025-08-16","崔庄煤矿","槽钢","[12",null,"20根",1.4,"泰安市瑞事达钢材有限公司",4520,6328,"机修厂","加工用.以实际送货吨位结算"]
[303,"2025-08-17","崔庄煤矿","镀锌管","∮35mm",null,"30根",0.4,"泰安市瑞事达钢材有限公司",5500,2200,"机修厂","加工用.以实际送货吨位结算"]
[304,"2025-08-01","永胜煤矿","除锈剂","450ML","WD-40","瓶",12,"枣庄鑫来源矿山设备有限公司",49.2,590,"机电工区","维修用"]
[305,"2025-08-02","永胜煤矿","高压声光验电器","GSY接触式高压35KV",null,"个",2,"枣庄鑫来源矿山设备有限公司",49.5,{"$f":"H309*J309","v":99},"机电工区","35KV场所用伸缩长度1.5M"]
[306,"2025-08-03","永胜煤矿","救生衣","成人款150-230斤",null,"个",6,"枣庄鑫来源矿山设备有限公司",30,180,"机电工区","水处理用"]
[307,"2025-08-04","永胜煤矿","可伸缩加油漏斗",null,null,"个",5,"枣庄鑫来源矿山设备有限公司",5.2,26,"机电工区","维修用"]
[308,"2025-08-05","永胜煤矿","棉麻绳","φ15",null,"米",200,"枣庄鑫来源矿山设备有限公司",0.86,172,"机电工区","强拉力。维修用"]
[309,"2025-08-06","永胜煤矿","浮球开关","A级国标10M",null,"个",5,"枣庄鑫来源矿山设备有限公司",41.4,207,"机电工区","自动排水"]
[310,"2025-08-07","永胜煤矿","线盘","3*2.5平方 50米220V","公牛","个",2,"枣庄鑫来源矿山设备有限公司",310,620,"机电工区","含运搬1个维修用"]
[311,"2025-08-08","永胜煤矿","铝合金伸缩叉梯","2.5M","登月","架",1,"枣庄鑫来源矿山设备有限公司",912,912,"皮带工区"]
[312,"2025-08-09","永胜煤矿","铝合金伸缩叉梯","3M","登月","架",1,"枣庄鑫来源矿山设备有限公司",1116,1116,"皮带工区"]
[313,"2025-08-10","永胜煤矿","美工刀","18毫米防生锈","得力","把",10,"枣庄鑫来源矿山设备有限公司",6,60,"机厂","综合用料"]
[314,"2025-08-11","永胜煤矿","美工刀片","10片/盒18毫米防生锈","得力","盒",20,"枣庄鑫来源矿山设备有限公司",7.9,158,"机厂","综合用料"]
[315,"2025-08-12","永胜煤矿","3号锂基脂","15KG","长城尚博","桶",5,"枣庄鑫来源矿山设备有限公司",290,1450,"机电工区","主副井天轮用"]
[316,"2025-08-13","永胜煤矿","水性环氧无溶剂地坪漆","SW003。标准绿","宁波宣威彩色世界涂料有限公司","桶",9,"枣庄鑫来源矿山设备有限公司",477,4293,"供应科","20公斤装"]
[317,"2025-08-14","永胜煤矿","手提式轴流风机","220V20寸+10米风管",null,"台",1,"枣庄鑫来源矿山设备有限公司",648,648,"机电工区","维修用"]
[318,"2025-08-15","永胜煤矿","棘轮扳手","14#",null,"把",2,"枣庄鑫来源矿山设备有限公司",9,18,"皮带工区"]
[319,"2025-08-16","永胜煤矿","棘轮扳手","17#",null,"把",2,"枣庄鑫来源矿山设备有限公司",10.5,21,"皮带工区"]
[320,"2025-08-17","永胜煤矿","棘轮扳手","19#",null,"把",2,"枣庄鑫来源矿山设备有限公司",13,26,"皮带工区"]
[321,"2025-08-18","永胜煤矿","棘轮扳手","22#",null,"把",2,"枣庄鑫来源矿山设备有限公司",15.5,31,"皮带工区"]
[322,"2025-08-19","永胜煤矿","棘轮扳手","24#",null,"把",2,"枣庄鑫来源矿山设备有限公司",18,36,"皮带工区"]
[323,"2025-08-20","永胜煤矿","锂电充电手电钻","WJZ05-13E","东成","套",1,"枣庄鑫来源矿山设备有限公司",530,530,"皮带工区","两电一充"]
[324,"2025-08-21","永胜煤矿","水平尺","1M",null,"把",2,"枣庄鑫来源矿山设备有限公司",33,66,"皮带工区"]
[325,"2025-08-22","永胜煤矿","斜口钳",null,null,"把",2,"枣庄鑫来源矿山设备有限公司",12,24,"皮带工区"]
[326,"2025-08-23","永胜煤矿","锂电电动套筒扳手","WPB488E","东成","台",1,"枣庄鑫来源矿山设备有限公司",530,530,"皮带工区","两电一充"]
[327,"2025-08-24","永胜煤矿","强磁水平尺","1000cm","德力西","个",1,"枣庄鑫来源矿山设备有限公司",27,27,"机厂"]
[328,"2025-08-25","永胜煤矿","强磁水平尺","600cm","德力西","个",1,"枣庄鑫来源矿山设备有限公司",21,21,"机厂"]
[329,"2025-08-26","永胜煤矿","钢卷尺","5m","绿林","个",5,"枣庄鑫来源矿山设备有限公司",8.4,42,"机厂","含皮带2把"]
[330,"2025-08-27","永胜煤矿","液压拉马","10T","沪工","台",1,"枣庄鑫来源矿山设备有限公司",364,364,"机厂"]
[331,"2025-08-28","永胜煤矿","不锈钢潜水泵","2.2KW/220v",null,"台",1,"枣庄鑫来源矿山设备有限公司",1560,1560,"运搬工区"]
[332,"2025-08-29","永胜煤矿","液压站电磁阀","FW-03-3C2-D24-Z5L-70",null,"组",5,"枣庄鑫来源矿山设备有限公司",240,1200,"运搬工区","上井口液压站用"]
[333,"2025-08-30","永胜煤矿","液压站电磁阀","GDFW-03-3C2-D24A/53",null,"组",4,"枣庄鑫来源矿山设备有限公司",240,960,"运搬工区","下井口液压站用"]
[334,"2025-08-31","永胜煤矿","球形截止阀","DN25","碳钢材质","个",50,"枣庄鑫来源矿山设备有限公司",46,2300,"皮带工区","风水管路安装用"]
[335,"2025-08-31","永胜煤矿","矿用本安型防爆巷道灯","DGS20W/127L长型",null,"盏",10,"山东江宏机械设备有限公司",200,2000,"机电工区"]
[336,"2025-08-31","永胜煤矿","DGS20W/127L长型",null,null,"盏",10,"山东江宏机械设备有限公司",200,2000,"机电工区"]
[337,"2025-08-26","酒业公司","气钉枪",null,null,"把",6,"枣庄臻泰商贸有限公司",122,{"$f":"H341*J341","v":732},"包装车间"]
[338,"2025-08-27","酒业公司","开关插盘","15孔 2m线","公牛","个",4,"枣庄臻泰商贸有限公司",39,{"$f":"H342*J342","v":156},"包装车间"]
[339,"2025-08-28","酒业公司","插头","10A (三插)","公牛","个",5,"枣庄臻泰商贸有限公司",12,60,"包装车间"]
[340,"2025-08-29","酒业公司","蛇皮管","25#",null,"盘",2,"枣庄臻泰商贸有限公司",85,170,"维修车间\n（污水站）"]
[341,"2025-08-30","酒业公司","防爆风扇","FB(BFS)-600\n0.55kw 220v",null,"台",1,"枣庄臻泰商贸有限公司",832,832,"供应科（瓶库）"]
[342,"2025-08-31","酒业公司","蛇皮管","25#",null,"盘",1,"枣庄臻泰商贸有限公司",85,85,"供应科（瓶库）"]
[343,"2025-08-26","酒业公司","气体监测仪","四合一（尺寸122.5*62.28mm）有限空间作业\n四合一（氧气（O2）、可燃气体（LEL）、一氧化碳（CO）和硫化氢（H2S）)。（含检测报告）","凯陆仪器","台",4,"济宁厚成商贸有限公司",396,1584,"安全环\n保科"]
[344,"2025-08-27","酒业公司","轴流风机","鼓风机\n轴流风机220v，250W手提移动式\n，带5米风管（有限空间作业）","普优能","台",4,"济宁厚成商贸有限公司",424,1696,"安全环\n保科"]
[345,"2025-08-28","酒业公司","安全绳"," ∅9.6mm，5m根\n（有限空间作业\n含消防产品认证）","蛟龙","根",4,"济宁厚成商贸有限公司",40,160,"安全环\n保科"]
[346,"2025-08-29","酒业公司","三脚架","铝合金材质\n1200磅\n加绞盘\n（有限空间作业\n含国检证书）","百邦安","架",2,"济宁厚成商贸有限公司",550,1100,"安全环\n保科"]
[347,"2025-08-30","酒业公司","移动电缆电线卷线盘","1平方  20-30m\n移动插盘（有限空间作业）","公牛","盘",4,"济宁厚成商贸有限公司",410,1640,"安全环\n保科"]
[348,"2025-08-31","酒业公司","除磷剂",null,null,"吨",3,"枣庄乾源润滑油有限公司",2489,7467,"维修车间\n（污水站）"]
[349,"2025-09-01","酒业公司","充电台秤","200公斤",null,"台",1,"山东江宏机械设备有限公司",230,230,"彩印公司"]
[350,"2025-09-02","酒业公司","手电钻十字\n批头","手电钻型号\nWJZ400-10K",null,"套",1,"山东江宏机械设备有限公司",22,22,"彩印公司"]
[351,"2025-09-03","酒业公司","手电钻套筒\n批头","手电钻型号\nWJZ400-10K",null,"套",1,"山东江宏机械设备有限公司",22,22,"彩印公司"]
[352,"2025-09-04","酒业公司","手电钻内六角批头","手电钻型号\nWJZ400-10K",null,"套",1,"山东江宏机械设备有限公司",22,22,"彩印公司"]
[353,"2025-09-05","酒业公司","捆扎绳","再生料",null,"公斤",500,"山东江宏机械设备有限公司",9,4500,"彩印公司"]
[354,"2025-09-06","酒业公司","防爆风扇","FB(BFS)-600",null,"台",2,"山东江宏机械设备有限公司",850,1700,"彩印公司"]
[355,"2025-09-07","酒业公司","遮阳布","宽5米",null,"米",7,"山东江宏机械设备有限公司",70,490,"彩印公司"]
[356,"2025-09-08","酒业公司","弯丝头","钉箱机1800用",null,"个",2,"山东江宏机械设备有限公司",168,336,"彩印公司"]
[357,"2025-09-09","酒业公司","铳刀","钉箱机1800用",null,"个",1,"山东江宏机械设备有限公司",1950,1950,"彩印公司"]
[358,"2025-09-10","酒业公司","排污阀","D20",null,"个",1,"山东江宏机械设备有限公司",120,120,"彩印公司"]
[359,"2025-09-11","酒业公司","手动液压搬\n运车","3000kg",null,"台",2,"山东江宏机械设备有限公司",980,1960,"彩印公司"]
[360,"2025-09-12","酒业公司","42度微山湖\n优曲酒箱","500ml*12(含酒标、插格，垫板)",null,"套",3000,"济宁厚成商贸有限公司",5.8,17400,"销售公司"]
[361,"2025-09-13","酒业公司","微山湖绵柔1号酒箱","39%vol,500ml*12\n（酒标含正标和副标，副标要透明印配料表和条形码，含插格，含上下垫板）",null,"套",5000,"济宁厚成商贸有限公司",6.79,33950,"销售公司"]
[362,"2025-09-14","酒业公司","油墨","高档咖啡色\n20公斤/桶",null,"桶",1,"枣庄臻泰商贸有限公司","380",380,"彩印公司"]
[363,"2025-09-15","酒业公司","油墨","高档大红\n20公斤/桶",null,"桶",1,"枣庄臻泰商贸有限公司","380",380,"彩印公司"]
[364,"2025-09-16","酒业公司","油墨","土黄",null,"桶",1,"枣庄臻泰商贸有限公司","380",380,"彩印公司"]
[365,"2025-09-17","酒业公司","油墨","高档蓝色\n20公斤/桶",null,"桶",1,"枣庄臻泰商贸有限公司","380",380,"彩印公司"]
[366,"2025-09-18","酒业公司","泡沫","90*90*15mm",null,"个",300000,"山东江宏机械设备有限公司",0.0288,8640,"彩印公司"]
[367,"2025-08-01","热力公司","三项插头",null,"公牛","个",10,"枣庄鑫来源矿山设备有限公司",4.4,44,"内线组","公牛"]
[368,"2025-08-02","热力公司","地拖插排","7孔","公牛","个",10,"枣庄鑫来源矿山设备有限公司",18,180,"内线组","公牛"]
[369,"2025-08-03","热力公司","螺母","M16",null,"个",200,"枣庄鑫来源矿山设备有限公司",0.36,72,"机修组"]
[370,"2025-08-04","热力公司","O型圈","128.5*3.8",null,"个",500,"枣庄鑫来源矿山设备有限公司",0.42,210,"机修组"]
[371,"2025-08-05","热力公司","活柱体",null,null,"个",50,"枣庄鑫来源矿山设备有限公司",408,20400,"机修组","3.5m悬浮支柱"]
[372,"2025-08-06","热力公司","活柱体",null,null,"个",25,"枣庄鑫来源矿山设备有限公司",490,12250,"机修组","4.5m悬浮支柱"]
[373,"2025-08-07","热力公司","铁锨","含锨杠子",null,"把",5,"枣庄鑫来源矿山设备有限公司",15,75,"机修组"]
[374,"2025-08-08","热力公司","氧气减压器",null,null,"个",5,"枣庄鑫来源矿山设备有限公司",33.8,169,"电焊组"]
[375,"2025-08-09","热力公司","液位计组件",null,null,"套",1,"沧州中亿电气设备有限公司",398,398,"机修组","200乳化泵"]
[376,"2025-08-10","热力公司","液位透视组件",null,null,"套",2,"沧州中亿电气设备有限公司",560,1120,"机修组","200乳化泵箱用"]
[377,"2025-08-11","热力公司","交替阀",null,null,"套",1,"沧州中亿电气设备有限公司",1760,1760,"机修组","201乳化泵箱用"]
[378,"2025-08-12","热力公司","进液过滤芯组件",null,null,"套",2,"沧州中亿电气设备有限公司",850,1700,"机修组","202乳化泵箱用"]
[379,"2025-08-13","热力公司","角铁","<50*50",null,"20根",0.45,"泰安市瑞事达钢材有限公司",4520,2034,"电焊组"]
[380,"2025-08-14","热力公司","角铁","<40*40",null,"20根",0.29,"泰安市瑞事达钢材有限公司",4580,1328.2,"电焊组"]
[381,"2025-08-15","热力公司","角铁","<63*63",null,"10根",0.34,"泰安市瑞事达钢材有限公司",4520,1536.8,"电焊组"]
[382,"2025-08-16","热力公司","钢板","δ=12",null,"1张",0.8,"泰安市瑞事达钢材有限公司",4530,3624,"电焊组"]
[383,"2025-08-17","热力公司","钢板","δ=25",null,"1张",5.5,"泰安市瑞事达钢材有限公司",4580,25190,"电焊组"]
[384,"2025-08-01","多种经营","充电式角磨机","大艺",null,"个",1,"济宁弘巨商贸有限公司",560,{"$f":"J388*H388","v":560},"支护加工车间","机电维修使用"]
[385,"2025-08-01","多种经营","钻头","Φ6 两长两短",null,"个",2,"济宁弘巨商贸有限公司",4,8,"支护加工车间","机电维修使用"]
[386,"2025-08-01","多种经营","钻头","Φ8 两长两短",null,"个",2,"济宁弘巨商贸有限公司",5,10,"支护加工车间","机电维修使用"]
[387,"2025-08-01","多种经营","过墙钻头\n(长25cm)","Φ20 两长两短 ",null,"个",1,"济宁弘巨商贸有限公司",20,20,"支护加工车间","机电维修使用"]
[388,"2025-08-01","多种经营","绝缘胶带",null,null,"盘",30,"济宁弘巨商贸有限公司",2,60,"支护加工车间","机电维修使用"]
[389,"2025-08-01","多种经营","风筒布","1.9米",null,"米",3000,"微山蓝维商贸有限公司",9.8,29400,"支护加工车间","加工风筒使用"]
[390,"2025-08-01","多种经营","风筒布","2.6米",null,"米",3000,"微山蓝维商贸有限公司",12.8,38400,"支护加工车间","加工风筒使用"]
[391,"2025-08-01","多种经营","成型套",null,null,"个",20,"微山蓝维商贸有限公司",210,4200,"支护加工车间","编网机使用"]
[392,"2025-08-01","多种经营","校正套",null,null,"个",20,"微山蓝维商贸有限公司",260,5200,"支护加工车间","编网机使用"]
[393,"2025-08-01","多种经营","刀板",null,null,"个",20,"微山蓝维商贸有限公司",260,5200,"支护加工车间","编网机使用"]
[394,"2025-08-01","多种经营","锚索具","Φ17.8",null,"个",5000,"山东圣博工矿设备有限公司",7.9,39500,"支护加工车间","锚索配套使用"]